000 00397nam a22001457a 4500
999 _c7721
_d7719
005 20210322115200.0
008 210322b ||||| |||| 00| 0 eng d
082 _a346.066
100 _aAIYAR, A.N.
_96466
245 _aCOMPANY CASES THE CORPORATE LAW WEEKLY [VOL-205]
260 _aCHENNAI
_bCOMPANY LAW INSTITUTE OF INDIA
_c2017
300 _a676, i-xxxii,p
650 _aLAW
_95701
942 _cJRL